00302nam a2200121Ia 4500008004100000100001400041245002800055260004400083300000900127650002200136942000700158999001500165190216s9999||||xx |||||||||||||| ||und|| aFinar I L 0aOrganic Chemistry Vol 1 bThe English Language Book Societyc1973 a964p aOrganic Chemistry cBK c2489d2489